Historia gráfica del arte occidental: pintura, escultura, arquitectura
Guardat en:
| Autor principal: | |
|---|---|
| Format: | Llibre |
| Idioma: | espanyol |
| Publicat: |
Barcelona
Juventud
1980
|
| Matèries: | |
| Etiquetes: |
Afegir etiqueta
Sense etiquetes, Sigues el primer a etiquetar aquest registre!
|
MARC
| LEADER | 00000nam a2200000 a 4500 | ||
|---|---|---|---|
| 001 | UCO4100 | ||
| 003 | CL-VaPUC | ||
| 008 | 000728e19800000SP |||||||||||||||||spa|d | ||
| 082 | 0 | 4 | |a 709 |b HAV |2 21 |
| 100 | 0 | |a Haviland, Jenny |e author |9 448246 | |
| 245 | 1 | 0 | |a Historia gráfica del arte occidental: pintura, escultura, arquitectura |
| 300 | |a 324 p | ||
| 942 | |c BK | ||
| 945 | |d 20000728 00:00:00 |a crobeson | ||
| 260 | |a Barcelona |b Juventud |c 1980 | ||
| 650 | 0 | |a Historia del arte |9 314877 | |
| 650 | 0 | |a Pintura |9 265046 | |
| 650 | 0 | |a Escultura |9 265737 | |
| 650 | 0 | |a Arquitectura |9 804558 | |
| 583 | |a last modification |c 20000728 00:00:00 |k Rodrigo Vera | ||
| 999 | |c 290184 |d 290182 | ||
| 952 | |0 0 |1 0 |4 0 |6 709_000000000000000_HAV_1980 |7 0 |8 X |9 339458 |a BIBHIS |b BIBHIS |d 2019-11-20 |i 1210114 |o 709 HAV 1980 |p 1210114 |r 2024-01-30 |w 2019-11-20 |y BK_X |k HIS | ||